Statistics for Stan Lee Cameos

Click here to take the quiz!

General Stats

  • This quiz has been taken 18 times
  • The average score is 9 of 12

Answer Stats

HintAnswer% Correct
"Hugh Hefner"Iron Man
100%
"Larry King"Iron Man 2
94%
Pickup truck driverThor
94%
FedEx delivery driverCaptain America: Civil War
88%
1970's peace activistAvengers: End Game
81%
School bus driverAvengers: Infinity War
75%
Casino chip opportunistBlack Panther
69%
BarberThor: Ragnarok
69%
Shrunken car ownerAnt-Man and the Wasp
63%
Laboratory security guardHulk
63%
Astronaut raconteurGuardians of the Galaxy: Vol 2.
56%
Strip club DJDeadpool
44%

Score Distribution

Percentile by Number Answered

Percent of People with Each Score

Your Score History

You have not taken this quiz